01385cam a2200349 a 4500001001400000003000800014005001700022006001900039007001500058008004100073020003800114040003000152049002600182050002300208082001200231100002700243245009600270260002700366300003500393520024300428521001700671588004700688504005100735650002300786650002300809655002900832710001600861776003500877856008800912942001601000999001901016EDZ0000063936StDuBDS20161031105140.0m||||||||d||||||||cr |||||||||||120326s1996 enk fo| 001|0|eng d a9781446250532 (ebook) :cNo price aStDuBDSbengcStDuBDSepn aAlfaisal Main Library 0aB824.18b.C76 199604a1262231 aCrossley, Nick,d1968-10aIntersubjectivityh[electronic resource] :bthe fabric of social becoming /cNick Crossley. aLondon :bSAGE,c1996. a1 online resource (ix, 188 p.)8 aThis critical discussion of intersubjectivity as an interdisciplinary subject sheds light on our understanding of selfhood, communication, citizenship, power and community. It traces the contributions of key thinking like Buber & Husserl. aSpecialized. aDescription based on print version record. aIncludes bibliographical references and index. 0aIntersubjectivity. 0aSocial psychology. 7aElectronic books.2local2 aSage eBooks08iPrint version :z978080397904840uhttp://ezproxy.alfaisal.edu/login?url=http://sk.sagepub.com/books/intersubjectivity 2lcccEBOOKS c480358d480358